| 000 | 00455cam a2200193ua 4500 | ||
|---|---|---|---|
| 001 | 8641 | ||
| 008 | 150210n ii |||gr||||Z||||||eng | ||
| 020 | _a978938149014 | ||
| 040 | _cMAIN | ||
| 041 | _aeng | ||
| 082 | _a823N | ||
| 100 |
_aBhattacharyya, B. Kr., _eAuthor., |
||
| 245 | 1 |
_aMrityunjay _cBy Birendra Kr. Bhattacharyya |
|
| 250 | _a3rd. | ||
| 260 |
_aGuwahati: _bOrchid, _c2011. |
||
| 300 | _a420p. | ||
| 653 | _aEnglish fiction | ||
| 942 | _cBK | ||
| 999 |
_c7739 _d7739 |
||